Statistics for Italian License Plates

Click here to take the quiz!

General Stats

  • This quiz has been taken 83 times
  • The average score is 22 of 30

Answer Stats

LettersLicense plate% Correct
BOBologna
94%
FIFlorence
93%
ROMARome
93%
MIMilan
91%
BABari
90%
GEGenoa
90%
NANaples
90%
VEVenice
87%
PAPalermo
85%
TOTurin
85%
VRVerona
84%
PDPadua
82%
CTCatania
81%
LILivorno
79%
MOModena
79%
CACagliari
74%
PGPerugia
69%
RARavenna
68%
MEMessina
66%
SASalerno
66%
TSTrieste
66%
BSBrescia
65%
FEFerrara
63%
FGFoggia
63%
TATaranto
63%
PRParma
60%
RNRimini
54%
RCReggio Calabria
46%
REReggio Emilia
44%
POPrato
40%

Score Distribution

Percentile by Number Answered

Percent of People with Each Score

Your Score History

You have not taken this quiz